000
00332nam a2200133Ia 4500
008
191201s2003 xx 000 0 und d
100
_a
SENN, James A
245
0
_a
Analysis and Design of Information Systems
250
_a
2nd
260
_a
N.Delhi
_b
M C Graw Hill
_c
2003
300
_a
853
650
_a
B.Tech(CSE)
942
_2
ddc
_c
BK
999
_c
1514
_d
1514